[Event "Addis Ababa zt 4.4"]
[Site "Addis Ababa"]
[Date "2022.05.03"]
[Round "3"]
[White "Osman Dahir, Mahamed"]
[Black "Adebo, Muhaba Detamo"]
[Result "1-0"]
[WhiteElo "1824"]
[BlackElo "1979"]
[PlyCount "43"]
[EventDate "2022.05.02"]
[EventType "swiss"]
[EventRounds "9"]
[EventCountry "ETH"]
[SourceTitle "CBM 208 Extra"]
[Source "ChessBase"]
[SourceDate "2022.07.31"]
[SourceVersion "1"]
[SourceVersionDate "2022.07.31"]
[SourceQuality "1"]

1. d4 Nf6 2. c4 e6 3. Nc3 d5 4. e3 Nc6 5. Nf3 a6 6. a3 Bd7 7. Bd3 Be7 8. Bd2 h6 9. Ne5 Bd6 10. f4 dxc4 11. Bxc4 Na5 12. Ba2 Nc6 13. Qe2 Qe7 14. 0-0 h5 15. b4 g6 16. Bb3 Na7 17. Be1 Nb5 18. Qf3 Nxc3 19. Bxc3 0-0-0 20. a4 Nd5 21. Bxd5 exd5 22. Qxd5 1-0

[Event "Olympiad-42"]
[Site "Baku"]
[Date "2016.09.05"]
[Round "4.3"]
[White "Adebo, Muhaba Detamo"]
[Black "Chumfwa, Kelvin"]
[Result "0-1"]
[WhiteElo "1944"]
[BlackElo "2240"]
[PlyCount "60"]
[EventDate "2016.09.02"]
[EventType "team-swiss"]
[EventRounds "11"]
[EventCountry "AZE"]
[SourceTitle "CBM 175"]
[Source "ChessBase"]
[SourceDate "2016.11.10"]
[SourceVersion "1"]
[SourceVersionDate "2016.11.10"]
[SourceQuality "1"]
[WhiteTeam "Ethiopia"]
[BlackTeam "Zambia"]
[WhiteTeamCountry "ETH"]
[BlackTeamCountry "ZAM"]

1. c4 c5 2. Nc3 Nc6 3. g3 g6 4. Bg2 Bg7 5. Nf3 Nh6 6. 0-0 0-0 7. d3 Nf5 8. Bf4 d6 9. Rb1 Rb8 10. a3 a6 11. e4 Nfd4 12. Nxd4 Nxd4 13. Ne2 Bg4 14. f3 Bd7 15. Nxd4 Bxd4+ 16. Kh1 b5 17. Qe2 bxc4 18. dxc4 Rb3 19. Rfd1 Qb6 20. Bc1 Rb8 21. Qd2 Be3 22. Qc2 Rxa3 23. Bxe3 Rxe3 24. Rd3 Rxd3 25. Qxd3 Qb3 26. Qxb3 Rxb3 27. Kg1 Be6 28. Bf1 Rxf3 29. Ra1 Kg7 30. Rxa6 Rxf1+ 0-1

[Event "Olympiad-42"]
[Site "Baku"]
[Date "2016.09.02"]
[Round "1.3"]
[White "Kjartansson, Gudmundur"]
[Black "Adebo, Muhaba Detamo"]
[Result "1-0"]
[WhiteElo "2442"]
[BlackElo "1944"]
[PlyCount "133"]
[EventDate "2016.09.02"]
[EventType "team-swiss"]
[EventRounds "11"]
[EventCountry "AZE"]
[SourceTitle "CBM 175"]
[Source "ChessBase"]
[SourceDate "2016.11.10"]
[SourceVersion "1"]
[SourceVersionDate "2016.11.10"]
[SourceQuality "1"]
[WhiteTeam "Iceland"]
[BlackTeam "Ethiopia"]
[WhiteTeamCountry "ISL"]
[BlackTeamCountry "ETH"]

1. Nf3 Nf6 2. c4 c5 3. g3 Nc6 4. Bg2 g6 5. d4 cxd4 6. Nxd4 Nxd4 7. Qxd4 Bg7 8. Nc3 0-0 9. 0-0 d6 10. Qd3 Rb8 11. Bd2 Bd7 12. Rac1 Bc6 13. e4 Nd7 14. Rfd1 f5 15. b4 b6 16. f4 Rc8 17. Be1 Nb8 18. Nd5 e6 19. Ne3 Bxe4 20. Bxe4 fxe4 21. Qxe4 Qe7 22. Rc2 Rcd8 23. Rcd2 Rd7 24. Rd3 Na6 25. Ra3 Nb8 26. Bc3 Bxc3 27. Rxc3 Na6 28. a3 Nc7 29. Rcd3 Rfd8 30. Kg2 Ne8 31. Rd4 Nf6 32. Qf3 Ne8 33. R1d2 Nf6 34. R2d3 Ne8 35. Nd1 Rc7 36. Rd2 Rdc8 37. Ne3 Rd7 38. Ng4 Rcd8 39. Qd1 Qg7 40. c5 Qe7 41. Ne5 bxc5 42. bxc5 d5 43. Nxd7 Rxd7 44. Rc2 Rc7 45. Qe2 Kf7 46. Rb4 Qd7 47. Qb5 Qxb5 48. Rxb5 Nd6 49. Rb8 Nc4 50. Kf2 a5 51. a4 Kg7 52. Rb5 Kf7 53. Ke2 Na3 54. Rc1 Nc4 55. Kd3 Kf6 56. Rxc4 dxc4+ 57. Kxc4 e5 58. fxe5+ Kxe5 59. Rb2 Ke6 60. Rd2 Rb7 61. c6 Rb1 62. Kc5 Rc1+ 63. Kb6 Rb1+ 64. Kxa5 Rc1 65. Kb6 Rb1+ 66. Kc7 Rc1 67. a5 1-0

[Event "Africa zt 4.2"]
[Site "Dar es Salaam"]
[Date "2016.04.25"]
[Round "4"]
[White "Adebo, Muhaba Detamo"]
[Black "Kandil, Adham"]
[Result "0-1"]
[WhiteElo "2017"]
[BlackElo "2347"]
[PlyCount "105"]
[EventDate "2016.04.23"]
[EventType "swiss"]
[EventRounds "9"]
[EventCountry "TAN"]
[SourceTitle "EXT 2017"]
[Source "ChessBase"]
[SourceDate "2016.10.25"]
[SourceVersion "1"]
[SourceVersionDate "2016.10.25"]
[SourceQuality "1"]

1. e4 c5 2. Nf3 d6 3. Bb5+ Bd7 4. Nc3 Bxb5 5. Nxb5 Nf6 6. d3 g6 7. 0-0 Bg7 8. Nc3 0-0 9. e5 dxe5 10. Nxe5 Nd5 11. Re1 Nxc3 12. bxc3 Nd7 13. Nxd7 Qxd7 14. Bb2 e6 15. Rb1 c4 16. d4 Qa4 17. a3 Rfd8 18. Qe2 Rac8 19. Bc1 b6 20. Rb4 Qa6 21. Rb1 Rd5 22. Qg4 Qa4 23. Rb2 Qxa3 24. Rxb6 Qxc3 25. Rbxe6 h5 26. Re8+ Rxe8 27. Rxe8+ Kh7 28. Qe2 Qxd4 29. Kf1 Qd1+ 30. Qxd1 Rxd1+ 31. Re1 Rxe1+ 32. Kxe1 Bc3+ 33. Bd2 Bd4 34. Be3 Bc3+ 35. Bd2 Bd4 36. Be3 Bxe3 37. fxe3 Kg7 38. Kd2 Kf6 39. Kc3 Ke6 40. Kxc4 Kd6 41. Kb5 Kc7 42. e4 Kb7 43. e5 a6+ 44. Ka5 Ka7 45. h4 Kb7 46. Ka4 Kb6 47. Kb4 a5+ 48. Kc4 Kc6 49. Kd4 Kb5 50. Kd5 a4 51. c4+ Ka6 52. c5 a3 53. c6 0-1